Countries By Number of All-Time Heaviest People - Statistics

General Stats
  • This quiz has been taken 40 times
  • The average score is 4 of 6
Answer Stats
Number of People in Top 29 Country % Correct
20 United States
100%
2 United Kingdom
88%
4 Mexico
79%
1 Australia
62%
1 Egypt
41%
1 Saudi Arabia
21%
No matching quizzes found
Score Distribution
Percent of People with Each Score
Percentile by Number Answered
Your Score History
You have not taken this quiz